7RR, la historia de Radio Rebelde : (Record no. 10338)
[ view plain ]
| 000 -LEADER | |
|---|---|
| campo de control de longitud fija | 01060cam a2200325 a 4500 |
| 001 - NÚMERO DE CONTROL | |
| campo de control | 89972 |
| 005 - FECHA Y HORA DE LA ÚLTIMA TRANSACCIÓN | |
| campo de control | 20230410101557.0 |
| 008 - DATOS DE LONGITUD FIJA--INFORMACIÓN GENERAL | |
| campo de control de longitud fija | 091217s2008 cu af 000 0 spa c |
| 035 ## - NÚMERO DE CONTROL DEL SISTEMA | |
| Número de control de sistema | (OCoLC)ocn489495950 |
| 040 ## - FUENTE DE CATALOGACIÓN | |
| Centro catalogador/agencia de origen | IQU |
| Lengua de catalogación | eng |
| Centro/agencia transcriptor | IQU |
| Centro/agencia modificador | IQU |
| -- | UBY |
| -- | OCLCA |
| -- | IXA |
| 020 ## - NÚMERO INTERNACIONAL ESTÁNDAR DEL LIBRO | |
| Número Internacional Estándar del Libro | 9789590108198 |
| 020 ## - NÚMERO INTERNACIONAL ESTÁNDAR DEL LIBRO | |
| Número Internacional Estándar del Libro | 9590108199 |
| 029 1# - OTRO NÚMERO DE CONTROL DE SISTEMA (OCLC) | |
| Identificador de la biblioteca OCLC | GBVCP |
| Número de control de sistema | 603305334 |
| 035 ## - NÚMERO DE CONTROL DEL SISTEMA | |
| Número de control de sistema | (OCoLC)489495950 |
| 042 ## - CÓDIGO DE AUTENTICACIÓN | |
| Código de autenticación | pcc |
| 043 ## - CÓDIGO DE ÁREA GEOGRÁFICA | |
| Código de área geográfica | nwcu--- |
| 050 14 - SIGNATURA TOPOGRÁFICA DE LA BIBLIOTECA DEL CONGRESO | |
| Número de clasificación | 107 PN 1991.3 |
| Número de ítem | S573 2008 |
| 245 00 - MENCIÓN DEL TÍTULO | |
| Título | 7RR, la historia de Radio Rebelde : |
| Resto del título | testimonio / |
| Mención de responsabilidad, etc. | [Ricardo Martinez Victores, compilador]. |
| 246 30 - FORMA VARIANTE DEL TITULO | |
| Título propio/Titulo breve | Siete RR |
| 250 ## - MENCION DE EDICION | |
| Mención de edición | 2a ed., rev. y ampliada. |
| 260 ## - PUBLICACIÓN, DISTRIBUCIÓN, ETC. | |
| Lugar de publicación, distribución, etc. | Ciudad de La Habana, Cuba : |
| Nombre del editor, distribuidor, etc. | Editora Política, |
| Fecha de publicación, distribución, etc. | 2008. |
| 300 ## - DESCRIPCIÓN FÍSICA | |
| Extensión | xiv, 383 p., [16] p. of plates : |
| Otras características físicas | ill. ; |
| Dimensiones | 23 cm. |
| 610 20 - PUNTO DE ACCESO ADICIONAL DE MATERIA--NOMBRE DE ENTIDAD CORPORATIVA | |
| Nombre de entidad corporativa o nombre de jurisdicción como elemento de entrada | 7RR (Radio station : Cuba) |
| 650 #0 - PUNTO DE ACCESO ADICIONAL DE MATERIA--TÉRMINO DE MATERIA | |
| Término de materia o nombre geográfico como elemento de entrada | Government, Resistance to |
| Subdivisión geográfica | Cuba |
| Subdivisión general | History |
| Subdivisión cronológica | 20th century. |
| 651 #0 - PUNTO DE ACCESO ADICIONAL DE MATERIA--NOMBRE GEOGRÁFICO | |
| Nombre geográfico | Cuba |
| Subdivisión general | Politics and government |
| Subdivisión cronológica | 1933-1959. |
| 700 1# - ENTRADA AGREGADA--NOMBRE PERSONAL | |
| Nombre de persona | Martinez Victores, Ricardo, |
| Fechas asociadas al nombre | 1936-2006. |
| 942 ## - ELEMENTOS DE ENTRADA SECUNDARIOS (KOHA) | |
| Fuente del sistema de clasificación o colocación | Clasificación de Library of Congress |
| Tipo de ítem Koha | |
| 994 ## - | |
| -- | C0 |
| -- | DRFGD |
| 946 ## - PROCESAMIENTO DE INFORMACIÓN LOCAL (OCLC) | |
| a | MF |
| Estatus retirado | Estado de pérdida | Fuente del sistema de clasificación o colocación | Estado de daño | No para préstamo | Colección | Biblioteca de origen | Biblioteca actual | Ubicación en estantería | Fecha de adquisición | Serial enumeration / chronology | Signatura topográfica completa | Código de barras | Visto por última vez | Copia número | Tipo de ítem Koha |
|---|---|---|---|---|---|---|---|---|---|---|---|---|---|---|---|
| Clasificación de Library of Congress | Recursos Regionales | Biblioteca Juan Bosch | Biblioteca Juan Bosch | Recursos Regionales (2do. Piso) | 10/04/2023 | 1 | 107 PN 1991.3 S573 2008 | 00000084152 | 23/10/2018 | 1 |
